| 000 | 00720cam a2200193 4500 | ||
|---|---|---|---|
| 008 | 090306t1993 mx 000 0 spa u | ||
| 020 | _a9682948800 | ||
| 035 | _aa479867 | ||
| 050 | 0 | 4 |
_aPQ7291 .S62 _bS65 1993 |
| 245 | 1 | 0 |
_aSonora un siglo de literatura : _bPoesía, narrativa y teatro (1936-1992) / _c Selec., prol. y notas de Gilda Rocha |
| 250 | _a1a ed. | ||
| 260 |
_aMéxico, D.F. : _bConsejo Nacional para la Cultura y las Artes, _cc1993 |
||
| 300 |
_a373 p.; _c21cm. |
||
| 440 | _aLetras de la República | ||
| 650 | 7 |
_aLiteratura mexicana _zMéxico (Estado, de Sonora) _2Lemb |
|
| 700 |
_aRocha, Gilda _e Comp. |
||
| 710 | _aConsejo Nacional para la Cultura y las Artes (México) | ||
| 942 |
_2lcc _cLIB |
||
| 999 |
_c72156 _d72156 |
||